000 00595nam a2200217Ia 4500
003 OSt
005 20220622112848.0
008 210210b1980 xxu||||| |||| 00| 0 eng d
040 _c
041 _aeng
082 _a370.114 LESD
100 _aLESSER (R H) and others.
_944427
245 _aDevelopment of personality: a handbook for moral instruction in colleges. Vol 1
250 _a2
260 _aNew Delhi
_bAll India Association For Christian Higher Education
_c1980
300 _aiv,115
440 _a1
_944428
690 _aEducation
_944429
906 _a035485
942 _2ddc
_cBK
999 _c85925
_d85925